[Event "Kieler Open 2015 Gruppe B"]
[Site "Kiel"]
[Date "2015.07.25"]
[Round "2.5"]
[White "Kreutz, Ralf"]
[Black "Kaiser, Johannes"]
[Result "0-1"]
[WhiteElo "1686"]
[BlackElo "1631"]
[PlyCount "74"]
[EventDate "2015.??.??"]
[WhiteTeam "Königsjäger SW Berlin"]
[BlackTeam "SG Kiel-Ost"]

1. e4 c5 2. Nf3 e6 3. d4 cxd4 4. Nxd4 a6 5. Bd3 Nf6 6. Bg5 Qb6 7. Nb3 Be7 8.
Be3 Qc7 9. N1d2 d6 10. Nd4 e5 11. Nf5 Bxf5 12. exf5 d5 13. c3 Nbd7 14. Rc1 Rd8
15. b4 O-O 16. c4 d4 17. Bg5 Bxb4 18. O-O Bxd2 19. Qxd2 Rfe8 20. f3 Qc6 21. Be4
Nxe4 22. fxe4 f6 23. Bh4 Qxe4 24. Qf2 Nc5 25. Qg3 Kh8 26. Rce1 Qc2 27. Ra1 Qxc4
28. Qa3 Qc3 29. Qxc3 dxc3 30. Rac1 Rd3 31. Be1 Ne4 32. Rf3 Red8 33. Rxd3 Rxd3
34. g4 b5 35. Kf1 b4 36. Ke2 Rh3 37. Rd1 h6 0-1

[Event "Kieler Open 2015 Gruppe B"]
[Site "Kiel"]
[Date "2015.07.25"]
[Round "2.6"]
[White "Paolella, Finnley"]
[Black "Steffen, Jörn"]
[Result "1/2-1/2"]
[WhiteElo "1286"]
[BlackElo "1682"]
[PlyCount "39"]
[EventDate "2015.??.??"]
[WhiteTeam "Doppelbauer Kiel"]
[BlackTeam "Flintbek"]

1. e4 c5 2. Nc3 d6 3. f4 Nf6 4. Nf3 Nc6 5. Bc4 e6 6. d3 d5 7. exd5 exd5 8. Qe2+
Be7 9. Bb5 O-O 10. O-O Re8 11. Qf2 Bf8 12. Ne5 Qc7 13. Bxc6 bxc6 14. Bd2 Ng4
15. Nxg4 Bxg4 16. h3 Bd7 17. Rae1 Rxe1 18. Rxe1 Re8 19. Rxe8 Bxe8 20. Qg3
1/2-1/2

[Event "Kieler Open 2015 Gruppe B"]
[Site "Kiel"]
[Date "2015.07.25"]
[Round "2.7"]
[White "Zielke, Bernd"]
[Black "Behrendt, Matthias"]
[Result "1-0"]
[WhiteElo "1662"]
[BlackElo "1501"]
[PlyCount "93"]
[EventDate "2015.??.??"]
[WhiteTeam "TuS Holtenau"]
[BlackTeam "Agon NMS"]

1. b4 e6 2. Bb2 Nf6 3. a3 d5 4. e3 Nbd7 5. c4 c6 6. Nf3 g6 7. Be2 Bg7 8. O-O
O-O 9. Qc2 Qc7 10. d3 b6 11. Nbd2 Bb7 12. Rfc1 c5 13. cxd5 exd5 14. bxc5 bxc5
15. Nb3 Rfc8 16. Rab1 a5 17. Bd4 a4 18. Nxc5 Nxc5 19. Qxc5 Qxc5 20. Rxc5 Rxc5
21. Bxc5 Ba6 22. Kf1 Nd7 23. Bb4 Rb8 24. d4 Bxe2+ 25. Kxe2 Bf8 26. Nd2 Bxb4 27.
Rxb4 Rxb4 28. axb4 Nb6 29. Kd3 f5 30. Kc3 Kf7 31. b5 Ke6 32. Kb4 Kd6 33. Nf3
Kc7 34. Ng5 h6 35. Ne6+ Kd6 36. Nc5 a3 37. Kxa3 Nc4+ 38. Kb4 Kc7 39. Ne6+ Kb6
40. Nf4 Nd6 41. Nxd5+ Kb7 42. f3 g5 43. Kc5 Nf7 44. g4 fxg4 45. fxg4 Nd8 46.
Kd6 Ka7 47. e4 1-0

[Event "Kieler Open 2015 Gruppe B"]
[Site "Kiel"]
[Date "2015.07.25"]
[Round "2.8"]
[White "Pick, Max"]
[Black "Kreutz, Jonas"]
[Result "0-1"]
[WhiteElo "840"]
[BlackElo "1659"]
[PlyCount "100"]
[EventDate "2015.??.??"]
[WhiteTeam "Kerpen"]
[BlackTeam "Königsjäger SW Berlin"]

1. Nf3 Nc6 2. d4 d5 3. c4 Bg4 4. cxd5 Qxd5 5. Nc3 Qd7 6. e4 Nxd4 7. Qxd4 Qxd4
8. Nxd4 O-O-O 9. Be3 e5 10. Ndb5 a6 11. Na3 Nf6 12. h3 Bh5 13. Be2 Bg6 14. Bg5
Bb4 15. O-O h6 16. Nd5 Bxa3 17. Nxf6 Bxb2 18. Rab1 hxg5 19. Bg4+ Kb8 20. Nd7+
Rxd7 21. Bxd7 Bd4 22. Bf5 Bh5 23. Rb3 g6 24. Bd7 Rd8 25. Bc6 Bb6 26. Bd5 f5 27.
Rc1 Be2 28. exf5 Rxd5 29. fxg6 Bh5 30. Rg3 Bxg6 31. Rxg5 Bf7 32. h4 Rd2 33. Rf5
Bg6 34. Rf6 Bh5 35. Rf5 Bg4 36. Rf8+ Ka7 37. Rf1 Rxa2 38. Kh1 e4 39. f3 exf3
40. gxf3 Bh3 41. h5 Bg2+ 42. Kh2 Bxf1+ 43. Kg3 c5 44. h6 Bc7+ 45. Kg4 Rh2 46.
Kg5 Bd3 47. Rf7 Ba5 48. f4 c4 49. f5 Bd2+ 50. Kg6 Rxh6+ 0-1

[Event "Kieler Open 2015 Gruppe B"]
[Site "Kiel"]
[Date "2015.07.25"]
[Round "2.9"]
[White "Stolzenwald, Frank"]
[Black "Brockmann, Werner"]
[Result "1-0"]
[WhiteElo "1639"]
[BlackElo "1360"]
[PlyCount "95"]
[EventDate "2015.??.??"]
[WhiteTeam "Hamburger SK"]
[BlackTeam "Kieler SG"]

1. b4 e5 2. b5 Nf6 3. Bb2 d6 4. e3 Bf5 5. Nf3 Nbd7 6. Be2 Be7 7. Nh4 Be6 8. c4
Ne4 9. Nf3 a6 10. a4 axb5 11. axb5 Rxa1 12. Bxa1 Qa8 13. Nc3 Ndc5 14. d3 Nxc3
15. Bxc3 O-O 16. O-O c6 17. d4 Ne4 18. Bb2 cxb5 19. cxb5 Rc8 20. dxe5 d5 21.
Qa1 Qxa1 22. Bxa1 Nc3 23. Bd3 Bd7 24. Nd4 Rc5 25. Rc1 Na4 26. Nb3 Rxc1+ 27.
Nxc1 Nc5 28. Be2 b6 29. Bd4 Bd8 30. Na2 Kf8 31. Nc3 Be6 32. Bf3 Nb3 33. Bxd5
Bxd5 34. Nxd5 Nxd4 35. exd4 Ke8 36. f4 Kd7 37. Kf2 Ke6 38. Nc3 f6 39. Kf3 Be7
40. d5+ Kd7 41. Na4 Bd8 42. g4 fxe5 43. fxe5 Bc7 44. Ke4 Bd8 45. Nb2 g6 46. Nc4
Bc7 47. d6 Bd8 48. Kd5 1-0

[Event "Kieler Open 2015 Gruppe B"]
[Site "Kiel"]
[Date "2015.07.25"]
[Round "2.12"]
[White "Degenhardt, Andreas"]
[Black "Birkholz, Frank"]
[Result "1/2-1/2"]
[WhiteElo "1762"]
[BlackElo "1571"]
[PlyCount "80"]
[EventDate "2015.??.??"]
[WhiteTeam "SC Lorsch"]
[BlackTeam "Kieler SG"]

1. d4 d5 2. Nf3 c5 3. dxc5 Qa5+ 4. Nbd2 e6 5. e3 Bxc5 6. Bd3 Nf6 7. O-O Qc7 8.
a3 Nc6 9. b4 Be7 10. Bb2 O-O 11. c4 dxc4 12. Nxc4 Rd8 13. Qe2 a6 14. Rac1 Qb8
15. Rfd1 Nd7 16. Qc2 g6 17. Be4 f5 18. Bxc6 bxc6 19. Nce5 Nxe5 20. Rxd8+ Bxd8
21. Bxe5 Bc7 22. Bxc7 Qxc7 23. Qxc6 Qxc6 24. Rxc6 Bd7 25. Rc3 a5 26. h3 axb4
27. axb4 Ra1+ 28. Kh2 Rb1 29. Rc7 Bb5 30. Rb7 Bc6 31. Rb8+ Kg7 32. Nd2 Bd5 33.
b5 e5 34. Nf3 Bxf3 35. gxf3 Rb2 36. Kg3 Rb4 37. f4 exf4+ 38. exf4 Rb3+ 39. Kg2
Rb4 40. Kg3 Rb3+ 1/2-1/2

[Event "Kieler Open 2015 Gruppe B"]
[Site "Kiel"]
[Date "2015.07.25"]
[Round "2.14"]
[White "Hogreve, Holger"]
[Black "Bahr, Arne"]
[Result "0-1"]
[WhiteElo "1514"]
[BlackElo "1676"]
[PlyCount "104"]
[EventDate "2015.??.??"]
[WhiteTeam "Eckernförder SC"]
[BlackTeam "SG Turm Kiel"]

1. Nf3 g6 2. d4 Bg7 3. Bg5 d6 4. c3 Nd7 5. e3 Ngf6 6. Bd3 O-O 7. Nbd2 c6 8. O-O
Qc7 9. Re1 Re8 10. e4 e5 11. dxe5 dxe5 12. Bc4 b5 13. Bb3 Bb7 14. Bxf6 Bxf6 15.
a3 Rad8 16. a4 Nc5 17. Bc2 bxa4 18. Bxa4 Nd3 19. Re3 Nxb2 20. Qb3 Nxa4 21. Qxa4
Be7 22. Nc4 Bc5 23. Re2 f6 24. Na5 Bc8 25. Nxc6 Rd6 26. Nxa7 Bd7 27. Qb3+ Be6
28. Qa4 Ra8 29. Rb2 Qxa7 30. Qxa7 Rxa7 31. Rab1 Rad7 32. h3 Rd1+ 33. Rxd1 Rxd1+
34. Kh2 Rc1 35. Rb7 Bxf2 36. Rb2 Be3 37. Rb7 Rxc3 38. Re7 Bf7 39. Rd7 Bf4+ 40.
Kg1 Bg3 41. Rd1 Re3 42. Ra1 Rxe4 43. Ra6 Kg7 44. Ra1 Re3 45. Rb1 e4 46. Nd2 f5
47. Rc1 Re1+ 48. Rxe1 Bxe1 49. Nf1 f4 50. Nh2 Bc4 51. Ng4 Bg3 52. Ne5 Bb5 0-1

[Event "Kieler Open 2015 Gruppe B"]
[Site "Kiel"]
[Date "2015.07.25"]
[Round "2.15"]
[White "Kathage, Holger"]
[Black "Westphal-Stubbe, Siegbert"]
[Result "1-0"]
[WhiteElo "1650"]
[BlackElo "1822"]
[PlyCount "63"]
[EventDate "2015.??.??"]
[WhiteTeam "Kiel"]
[BlackTeam "SG Plöner See"]

1. d4 e6 2. Nf3 b6 3. e3 c5 4. c3 Bb7 5. Bd3 cxd4 6. exd4 Nf6 7. Nbd2 d6 8. O-O
Be7 9. Qe2 Nbd7 10. Re1 Qc7 11. Ng5 g6 12. Nxf7 O-O 13. Ng5 e5 14. Bc4+ Kh8 15.
Ne6 Qc6 16. d5 Nxd5 17. Bb5 Nxc3 18. Bxc6 Nxe2+ 19. Rxe2 Bxc6 20. Nxf8 Rxf8 21.
b3 d5 22. Bb2 d4 23. Bxd4 Bg5 24. Be3 Bb5 25. Ree1 Bf6 26. Rac1 Rd8 27. Ne4 Be7
28. Red1 Kg7 29. Rc7 Kf8 30. a4 Bxa4 31. bxa4 Ke8 32. Rxa7 1-0

[Event "Kieler Open 2015 Gruppe B"]
[Site "Kiel"]
[Date "2015.07.25"]
[Round "2.16"]
[White "Feldmann, Wolfgang"]
[Black "Haye, Robert"]
[Result "0-1"]
[WhiteElo "1715"]
[BlackElo "1449"]
[PlyCount "78"]
[EventDate "2015.??.??"]
[WhiteTeam "Heikendorfer SV"]
[BlackTeam "Kieler SG"]

1. e4 c5 2. Nf3 d6 3. Bc4 Nf6 4. Nc3 e6 5. O-O a6 6. a3 b5 7. Ba2 Nc6 8. Re1
Bb7 9. d3 Be7 10. h3 O-O 11. Be3 Qc7 12. Qd2 Rfd8 13. Rad1 d5 14. exd5 exd5 15.
Bf4 Bd6 16. Bg5 Ne5 17. Nxe5 Bxe5 18. f4 Bd4+ 19. Kf1 Rd6 20. Re2 Nh5 21. Bh4
Nxf4 22. Re7 Qb8 23. Rde1 Re6 24. Bg3 Qd8 25. Rxb7 Nh5 26. Bf2 Bxf2 27. Rxe6
fxe6 28. Qxf2 Qg5 29. Kg1 Rf8 30. Qe2 Nf4 31. Qg4 Qe5 32. Re7 Rf5 33. Re8+ Kf7
34. Ra8 Rg5 35. Ra7+ Kg6 36. Qf3 Nxg2 37. Qf7+ Kh6 38. Qf2 Nf4+ 39. Kh1 Nxh3
0-1

[Event "Kieler Open 2015 Gruppe B"]
[Site "Kiel"]
[Date "2015.07.25"]
[Round "2.17"]
[White "Mc Donald, Margret"]
[Black "Lehmkau, Steffen"]
[Result "0-1"]
[WhiteElo "1279"]
[BlackElo "1715"]
[PlyCount "132"]
[EventDate "2015.??.??"]
[WhiteTeam "Tour Blanche Paris"]
[BlackTeam "Mülheim-Nord"]

1. e4 e5 2. Nf3 Nc6 3. Bc4 Bc5 4. c3 Nf6 5. d4 exd4 6. cxd4 Bb4+ 7. Bd2 Bxd2+
8. Nbxd2 d5 9. exd5 Nxd5 10. Qb3 Qe7+ 11. Kf1 Nb6 12. Re1 Be6 13. d5 Na5 14.
Qd3 O-O-O 15. b3 Qb4 16. Re5 c6 17. Qc2 Bxd5 18. Bxd5 Nxd5 19. g3 Qd6 20. Kg2
f6 21. Re4 g6 22. Rhe1 Qd7 23. Nf1 b6 24. Ne3 Nxe3+ 25. R4xe3 Rhe8 26. Rxe8
Rxe8 27. Rxe8+ Qxe8 28. b4 Nb7 29. Qa4 Kb8 30. Nd4 Qe4+ 31. f3 Qxd4 32. Qxc6
Qd2+ 33. Kh3 Qd8 34. g4 Nd6 35. Qd5 Qe7 36. Qg8+ Kc7 37. Qa8 f5 38. Qxa7+ Nb7
39. a3 fxg4+ 40. fxg4 g5 41. Qa4 Qe3+ 42. Kg2 Qd2+ 43. Kg3 Qc3+ 44. Kg2 Qc6+
45. Qxc6+ Kxc6 46. Kf3 Kd5 47. Ke3 b5 48. Kd3 Nd6 49. Kc3 Ne4+ 50. Kc2 Kc4 51.
Kb2 Nf2 52. Kc2 Nxg4 53. Kd2 Nxh2 54. Ke2 Ng4 55. Kf3 h5 56. Kg3 Kd4 57. Kf3
Ne5+ 58. Kg3 h4+ 59. Kh3 Kc3 60. a4 bxa4 61. b5 a3 62. b6 a2 63. b7 Nd7 64. Kg4
a1=Q 65. Kxg5 Qb1 66. Kxh4 Qxb7 0-1

[Event "Kieler Open 2015 Gruppe B"]
[Site "Kiel"]
[Date "2015.07.25"]
[Round "2.18"]
[White "Wichmann, Gerd"]
[Black "Dambrowski, Ralf"]
[Result "1-0"]
[WhiteElo "1689"]
[BlackElo "1335"]
[PlyCount "73"]
[EventDate "2015.??.??"]
[WhiteTeam "VHS Rendsburg"]
[BlackTeam "Agon NMS"]

1. c4 Nf6 2. d4 g6 3. Nc3 d5 4. e3 Bg7 5. Nf3 O-O 6. Qc2 c6 7. b3 Bf5 8. Bd3
dxc4 9. Bxf5 cxb3 10. axb3 gxf5 11. Qxf5 Nbd7 12. Qc2 Nb6 13. Bb2 a5 14. Na4
Nbd5 15. Ba3 Nb4 16. Bxb4 axb4 17. O-O Qa5 18. Qb2 Qc7 19. Nc5 Nd5 20. Rxa8
Rxa8 21. Ra1 Rxa1+ 22. Qxa1 h6 23. Qa8+ Kh7 24. Qxb7 Qa5 25. Na4 Nc3 26. Qb6
Qxb6 27. Nxb6 Ne2+ 28. Kf1 Nc1 29. Nd2 e5 30. d5 cxd5 31. Nxd5 e4 32. Nxe4 Nxb3
33. Nxb4 f5 34. Ng3 Kg6 35. Nd5 Nd2+ 36. Ke2 f4 37. Nxf4+ 1-0

[Event "Kieler Open 2015 Gruppe B"]
[Site "Kiel"]
[Date "2015.07.25"]
[Round "2.19"]
[White "Howe, Dietrich"]
[Black "Kaminski, Thorsten"]
[Result "0-1"]
[WhiteElo "1667"]
[BlackElo "1300"]
[PlyCount "53"]
[EventDate "2015.??.??"]
[WhiteTeam "Kaltenkirchen"]
[BlackTeam "Schellhorn"]

1. Nf3 e6 2. c4 Nf6 3. g3 Nc6 4. Bg2 d5 5. b3 dxc4 6. bxc4 Bd7 7. O-O Bc5 8.
Bb2 O-O 9. d4 Be7 10. Nc3 h6 11. e4 Rb8 12. e5 Nh7 13. Ne4 Ng5 14. Qe2 Nxf3+
15. Qxf3 Nb4 16. a3 Na6 17. Qd3 c5 18. dxc5 Nxc5 19. Nxc5 Bxc5 20. Rfd1 Ba4 21.
Qxd8 Rfxd8 22. Rxd8+ Rxd8 23. Bxb7 Rd2 24. Bc3 Rxf2 25. Kh1 Rc2 26. Bb4 Rxc4
27. Ba6 0-1

[Event "Kieler Open 2015 Gruppe B"]
[Site "Kiel"]
[Date "2015.07.25"]
[Round "2.20"]
[White "Kaltschmidt, Andreas"]
[Black "Pöschmann, Jaro"]
[Result "1/2-1/2"]
[WhiteElo "1535"]
[BlackElo "1666"]
[PlyCount "85"]
[EventDate "2015.??.??"]
[WhiteTeam "Weiden"]
[BlackTeam "Bad Schwartau"]

1. b4 e5 2. Bb2 Bxb4 3. Bxe5 Nf6 4. Nf3 O-O 5. e3 Nc6 6. Bb2 d5 7. Be2 Bg4 8.
c3 Bd6 9. d4 a6 10. Nbd2 b5 11. O-O Na5 12. a4 Nc4 13. Bxc4 bxc4 14. Qc2 Re8
15. Ba3 Ne4 16. Bxd6 cxd6 17. Rfe1 Re6 18. h3 Bf5 19. Nxe4 dxe4 20. Nh2 Rg6 21.
Kf1 Qh4 22. f4 Bxh3 23. Re2 Bf5 24. Kg1 Rh6 25. Nf1 Qh1+ 26. Kf2 Rh2 27. Nxh2
Qxa1 28. g4 Qh1 29. Kg3 Bd7 30. Qd2 Qa1 31. Re1 Qxa4 32. Rb1 d5 33. Qb2 Qb5 34.
Qa2 Qc6 35. Qa5 Qc8 36. Qxd5 a5 37. Qxe4 a4 38. Qc2 a3 39. Ra1 Qa6 40. Qa2 Bc6
41. Nf1 Be4 42. Nd2 Bd3 43. Nb1 1/2-1/2

[Event "Kieler Open 2015 Gruppe B"]
[Site "Kiel"]
[Date "2015.07.25"]
[Round "2.21"]
[White "Bunke, Mike"]
[Black "Borchert, Johann"]
[Result "0-1"]
[WhiteElo "1453"]
[BlackElo "1630"]
[PlyCount "76"]
[EventDate "2015.??.??"]
[WhiteTeam "Schleswiger SV"]
[BlackTeam "Heikendorfer SV"]

1. c4 e5 2. g3 Bc5 3. Bg2 c6 4. Nc3 Nf6 5. d3 h6 6. Nf3 Qb6 7. O-O Bd6 8. a3
O-O 9. b4 Qd8 10. Bb2 Re8 11. Nh4 Bc7 12. Nf5 d5 13. e4 d4 14. Ne2 b6 15. f4 c5
16. fxe5 Ng4 17. Nd6 Bxd6 18. exd6 Bb7 19. Bc1 Nd7 20. Nf4 Nde5 21. h3 Nf6 22.
bxc5 bxc5 23. a4 Qxd6 24. Ba3 Bc6 25. Nd5 Nfd7 26. Bc1 Rab8 27. Bf4 Rb7 28. g4
Reb8 29. g5 hxg5 30. Bxg5 f6 31. Bf4 Bxd5 32. exd5 Rb3 33. Be4 Qe7 34. Kh1 Qf7
35. Rg1 f5 36. Bh6 g6 37. Rf1 Qh7 38. Qd2 fxe4 0-1

[Event "Kieler Open 2015 Gruppe B"]
[Site "Kiel"]
[Date "2015.07.25"]
[Round "2.22"]
[White "Hartendauer, Frank"]
[Black "Herrmann, Sabine"]
[Result "1-0"]
[WhiteElo "1413"]
[BlackElo "1588"]
[PlyCount "81"]
[EventDate "2015.??.??"]
[WhiteTeam "Kieler SG"]
[BlackTeam "SF Hamburg"]

1. d4 e6 2. c4 c5 3. d5 d6 4. Nc3 Nf6 5. e4 Be7 6. Be2 Qa5 7. Bd2 Qb6 8. Qc2
O-O 9. Nf3 e5 10. O-O Bg4 11. h3 Bh5 12. Rfe1 Bg6 13. Bd3 Qd8 14. Rab1 a6 15.
a3 Nbd7 16. b4 h6 17. Be3 b6 18. bxc5 bxc5 19. Rb2 Nh7 20. Reb1 Bg5 21. Nxg5
Nxg5 22. Rb7 Rb8 23. Bxg5 hxg5 24. Qa4 Rxb7 25. Rxb7 Nf6 26. Qxa6 Qa8 27. Rb6
Qxa6 28. Rxa6 Rd8 29. f3 Nh5 30. Nb5 Nf4 31. Bf1 f6 32. Nxd6 Rb8 33. Nb5 Be8
34. a4 Bd7 35. Ra7 Be8 36. Kf2 Kf8 37. Rc7 Bxb5 38. axb5 Ra8 39. b6 Ra2+ 40.
Kg1 Ra1 41. b7 1-0

[Event "Kieler Open 2015 Gruppe B"]
[Site "Kiel"]
[Date "2015.07.25"]
[Round "2.23"]
[White "Müller, Richard"]
[Black "Serbin, Alexander"]
[Result "0-1"]
[WhiteElo "1317"]
[BlackElo "1517"]
[PlyCount "56"]
[EventDate "2015.??.??"]
[WhiteTeam "Nickelhütte Aue"]
[BlackTeam "Kieler SG"]

1. e4 e5 2. Nf3 Nc6 3. Bc4 Nf6 4. d3 h6 5. Nc3 Bb4 6. O-O O-O 7. Be3 d6 8. h3
Be6 9. Bb3 d5 10. exd5 Nxd5 11. Nxd5 Bxd5 12. Bxd5 Qxd5 13. a3 Bd6 14. Qe2 f6
15. Nd2 Rae8 16. Qg4 f5 17. Qg6 f4 18. c4 Qe6 19. Qe4 fxe3 20. Qxe3 Rf6 21. Ne4
Rg6 22. b4 Nd4 23. Rac1 Nf5 24. Qf3 Nh4 25. Qe3 Rxg2+ 26. Kh1 Rf8 27. Rce1 Rf3
28. Qxf3 Nxf3 0-1

[Event "Kieler Open 2015 Gruppe B"]
[Site "Kiel"]
[Date "2015.07.25"]
[Round "2.24"]
[White "Farokhi, Keyvan"]
[Black "Dao, Joerg"]
[Result "1-0"]
[WhiteElo "1283"]
[BlackElo "1465"]
[PlyCount "95"]
[EventDate "2015.??.??"]
[WhiteTeam "Doppelbauer Kiel"]
[BlackTeam "vereinslos"]

1. e4 e5 2. Nf3 Qf6 3. Bc4 h6 4. c3 d6 5. O-O Bg4 6. Be2 Nd7 7. d4 g5 8. Re1
Ne7 9. Nxe5 Bxe2 10. Nxd7 Kxd7 11. Qxe2 Ng6 12. Na3 a6 13. Nc2 Bg7 14. Bd2 Rae8
15. Rad1 Qe7 16. h3 f6 17. c4 h5 18. c5 c6 19. cxd6 Qxd6 20. Bb4 Qc7 21. Qc4 b5
22. Qc5 Nf4 23. d5 cxd5 24. Qxc7+ Kxc7 25. exd5 f5 26. Rxe8 Rxe8 27. d6+ Kd7
28. b3 Re2 29. Ne3 Rxa2 30. Nxf5 Bf6 31. Rb1 Nd3 32. Be1 b4 33. Rd1 Nxe1 34.
Rxe1 Ra1 35. Kf1 Rxe1+ 36. Kxe1 Ke6 37. Ng3 h4 38. Ne4 Bd8 39. Nc5+ Kd5 40.
Nxa6 Ba5 41. d7 Kd4 42. Kd1 Kc3 43. Kc1 Bb6 44. Nb8 Kxb3 45. Kb1 Kc3 46. Nc6 b3
47. d8=Q Bxd8 48. Nxd8 1-0

[Event "Kieler Open 2015 Gruppe B"]
[Site "Kiel"]
[Date "2015.07.26"]
[Round "3.1"]
[White "Weck, Uwe"]
[Black "Lange, Edgar"]
[Result "1/2-1/2"]
[WhiteElo "1697"]
[BlackElo "1599"]
[PlyCount "117"]
[EventDate "2015.??.??"]
[WhiteTeam "Kaltenkirchen"]
[BlackTeam "Kieler SG"]

1. e4 e5 2. Nf3 Nc6 3. Bb5 a6 4. Ba4 Nf6 5. O-O d6 6. Re1 Be7 7. c3 O-O 8. d4
exd4 9. Nxd4 Bd7 10. Bc2 Re8 11. Bf4 Ne5 12. Nd2 b5 13. h3 Rc8 14. N4f3 Bf8 15.
Qe2 c5 16. Nxe5 dxe5 17. Bg5 h6 18. Bh4 Be7 19. Nf3 Qc7 20. Rad1 Bc6 21. Bg3
Bd6 22. Nd2 Rcd8 23. c4 b4 24. Qe3 a5 25. Bh4 Be7 26. Nf3 Nh5 27. g3 Bxh4 28.
Nxh4 Bd7 29. Nf5 Bxf5 30. exf5 Rd4 31. Qe2 Nf6 32. b3 Qd6 33. Qf3 Rd8 34. Qe2
Re8 35. Bd3 e4 36. Bc2 e3 37. Qf3 exf2+ 38. Kxf2 Rd2+ 39. Rxd2 Qxd2+ 40. Re2
Rxe2+ 41. Qxe2 Qxe2+ 42. Kxe2 Kf8 43. Ke3 Ke7 44. g4 Kd6 45. Kf4 Ke7 46. Ke5
Kd7 47. Bd1 Ke7 48. h4 Nd7+ 49. Kd5 f6 50. Kc6 Kd8 51. Bc2 Ne5+ 52. Kxc5 Nxg4
53. Kb6 Ne3 54. Be4 Nd1 55. c5 Nc3 56. Bg2 a4 57. bxa4 Nxa4+ 58. Kb5 Nxc5 59.
Kxb4 1/2-1/2

[Event "Kieler Open 2015 Gruppe B"]
[Site "Kiel"]
[Date "2015.07.26"]
[Round "3.2"]
[White "Sowa, Kay"]
[Black "Untiedt, Urs Arved"]
[Result "1/2-1/2"]
[WhiteElo "1689"]
[BlackElo "1501"]
[PlyCount "54"]
[EventDate "2015.??.??"]
[WhiteTeam "Doppelbauer Kiel"]
[BlackTeam "Agon NMS"]

1. d4 d5 2. c4 e6 3. Nc3 Nf6 4. Nf3 Be7 5. Bf4 O-O 6. Qc2 b6 7. e3 Bb7 8. cxd5
exd5 9. Bd3 Ne4 10. Nxe4 dxe4 11. Bxe4 Bxe4 12. Qxe4 Bb4+ 13. Ke2 Nd7 14. Rac1
Qc8 15. a3 Qa6+ 16. Qd3 Qxd3+ 17. Kxd3 Bd6 18. Bxd6 cxd6 19. Rc7 Rfd8 20. Rhc1
Nf6 21. Rb7 Nd5 22. g3 Rdb8 23. Rxb8+ Rxb8 24. e4 Nf6 25. Rc7 Ng4 26. Rxa7
Nxf2+ 27. Ke3 Nd1+ 1/2-1/2

[Event "Kieler Open 2015 Gruppe B"]
[Site "Kiel"]
[Date "2015.07.26"]
[Round "3.3"]
[White "Arndt, Magnus"]
[Black "Zielke, Bernd"]
[Result "1-0"]
[WhiteElo "1587"]
[BlackElo "1662"]
[PlyCount "65"]
[EventDate "2015.??.??"]
[WhiteTeam "Doppelbauer Kiel"]
[BlackTeam "TuS Holtenau"]

1. e4 c5 2. Nf3 e6 3. c3 d5 4. exd5 Qxd5 5. d4 Nc6 6. Be3 cxd4 7. cxd4 Bb4+ 8.
Nc3 Nge7 9. Bd3 Qa5 10. Qc2 Nd5 11. Bd2 Bd7 12. O-O h6 13. a3 Be7 14. Rfe1 O-O
15. b4 Qd8 16. Nxd5 exd5 17. b5 Nb8 18. Ne5 Bd6 19. Re3 Bxe5 20. dxe5 Be6 21.
Rg3 Kh8 22. f4 Qc8 23. Qd1 Qc5+ 24. Kh1 f5 25. Bb4 Qc8 26. Rc1 Qe8 27. Bxf8
Qxf8 28. Rc7 Nd7 29. Qc2 b6 30. Qc6 Qe8 31. Bc2 g6 32. Rxg6 Qxg6 33. Qxa8+ 1-0

[Event "Kieler Open 2015 Gruppe B"]
[Site "Kiel"]
[Date "2015.07.26"]
[Round "3.5"]
[White "Kaiser, Johannes"]
[Black "Stolzenwald, Frank"]
[Result "0-1"]
[WhiteElo "1631"]
[BlackElo "1639"]
[PlyCount "72"]
[EventDate "2015.??.??"]
[WhiteTeam "SG Kiel-Ost"]
[BlackTeam "Hamburger SK"]

1. e4 e5 2. Nf3 Nf6 3. d4 exd4 4. e5 Ng4 5. Qxd4 d6 6. Bf4 dxe5 7. Qxd8+ Kxd8
8. Nxe5 Nxe5 9. Bxe5 f6 10. Bg3 Bf5 11. Nd2 Bd6 12. O-O-O Kc8 13. Bxd6 cxd6 14.
Nc4 Bd7 15. Nxd6+ Kc7 16. Nxb7 Kxb7 17. Bd3 Bc6 18. Rhe1 g6 19. Be4 f5 20.
Bxc6+ Nxc6 21. Rd7+ Kb6 22. Re3 Na5 23. Re6+ Nc6 24. Re3 Rab8 25. Rb3+ Ka6 26.
Ra3+ Na5 27. c3 Kb6 28. b4 Nc6 29. c4 Nxb4 30. Rdxa7 Rhc8 31. Rxh7 Rxc4+ 32.
Kb1 Rbc8 33. Rb3 Kc5 34. Rb7 Nd5 35. Kb2 Kd4 36. a4 Rxa4 0-1

[Event "Kieler Open 2015 Gruppe B"]
[Site "Kiel"]
[Date "2015.07.26"]
[Round "3.6"]
[White "Bahr, Arne"]
[Black "Schmieder, Kerstin"]
[Result "0-1"]
[WhiteElo "1676"]
[BlackElo "1700"]
[PlyCount "121"]
[EventDate "2015.??.??"]
[WhiteTeam "SG Turm Kiel"]
[BlackTeam "Rodewischer Schachmiezen"]

1. f4 Nc6 2. Nf3 e6 3. e3 d5 4. Bb5 Bd7 5. O-O Bc5 6. d3 Nf6 7. Bxc6 Bxc6 8.
Ne5 Qd6 9. Qe2 Bb6 10. Nd2 a6 11. Ndf3 Nd7 12. Bd2 f6 13. Nxc6 Qxc6 14. Be1 Qd6
15. Bg3 O-O-O 16. d4 Rhg8 17. c4 Qe7 18. c5 Ba5 19. b4 Bxb4 20. Rab1 Ba5 21.
Rb3 Nb8 22. Rfb1 b6 23. Qc2 Kd7 24. cxb6 cxb6 25. Qxh7 Rc8 26. Qd3 Rc6 27. f5
b5 28. a4 b4 29. fxe6+ Qxe6 30. Qh7 Qf7 31. Qf5+ Ke7 32. Rf1 g6 33. Qd3 Qe6 34.
Re1 Kf7 35. Rf1 Kg7 36. Nh4 Kh7 37. Bxb8 Qg4 38. Bg3 Rgc8 39. Qxg6+ Qxg6 40.
Nxg6 Kxg6 41. Be1 Rb8 42. Rb2 Rc4 43. Kf2 Bd8 44. Ke2 a5 45. g4 b3 46. Rf5 Rxa4
47. Rxd5 Ra2 48. Bc3 Rxb2+ 49. Bxb2 a4 50. Kd1 Be7 51. Ra5 a3 52. Kc1 axb2+ 53.
Kxb2 Bb4 54. Ra6 Bc3+ 55. Kb1 Bd2 56. e4 Kg5 57. h3 Bc3 58. d5 Re8 59. Rb6 b2
60. d6 Rd8 61. Rb3 {Zeit} 0-1

[Event "Kieler Open 2015 Gruppe B"]
[Site "Kiel"]
[Date "2015.07.26"]
[Round "3.7"]
[White "Steffen, Jörn"]
[Black "Kathage, Holger"]
[Result "1/2-1/2"]
[WhiteElo "1682"]
[BlackElo "1650"]
[PlyCount "73"]
[EventDate "2015.??.??"]
[WhiteTeam "Flintbek"]
[BlackTeam "Kiel"]

1. d4 Nf6 2. c4 c6 3. Nc3 d5 4. e3 e6 5. a3 Nbd7 6. Nf3 g6 7. cxd5 exd5 8. Be2
Bg7 9. O-O O-O 10. b4 b6 11. Nd2 Bb7 12. Nb3 Qe7 13. Bd2 c5 14. bxc5 bxc5 15.
Na5 Bc8 16. Na4 Ne4 17. Be1 Nb6 18. Nxc5 Nxc5 19. Bb4 Qf6 20. Bxc5 Bf5 21. Bxf8
Bxf8 22. Bd3 Bd7 23. Nb7 Rb8 24. Nc5 Be8 25. Rb1 Bd6 26. Bb5 Qe7 27. Bxe8 Rxe8
28. Rb5 Nc4 29. Qa4 Rc8 30. Rb7 Qh4 31. g3 Qh6 32. Kg2 Qh5 33. Qd1 Qf5 34. Qf3
Qxf3+ 35. Kxf3 Nd2+ 36. Ke2 Nxf1 37. Kxf1 1/2-1/2

[Event "Kieler Open 2015 Gruppe B"]
[Site "Kiel"]
[Date "2015.07.26"]
[Round "3.9"]
[White "Behrendt, Matthias"]
[Black "Plichta, Reiner"]
[Result "1/2-1/2"]
[WhiteElo "1501"]
[BlackElo "1811"]
[PlyCount "117"]
[EventDate "2015.??.??"]
[WhiteTeam "Agon NMS"]
[BlackTeam "Kiel"]

1. e4 c5 2. Nf3 d6 3. d4 cxd4 4. Nxd4 Nf6 5. f3 a6 6. c4 e6 7. Nc3 Be7 8. Be3
Nc6 9. Nb3 b6 10. a3 Rb8 11. Qc2 Bb7 12. Rd1 Qc7 13. Bd3 Ne5 14. Nd2 Nxd3+ 15.
Qxd3 h6 16. O-O O-O 17. g4 e5 18. h3 Nh7 19. f4 exf4 20. Bxf4 Ng5 21. Kh2 Ne6
22. Bg3 Rbd8 23. Nd5 Bxd5 24. exd5 Nc5 25. Qd4 Rfe8 26. b4 Nd7 27. Ne4 Nf6 28.
Nxf6+ Bxf6 29. Qd3 Be5 30. Bxe5 Rxe5 31. Rde1 Qe7 32. Qg3 Re2+ 33. Rxe2 Qxe2+
34. Qf2 Re8 35. Kg1 f6 36. c5 dxc5 37. bxc5 bxc5 38. Qxe2 Rxe2 39. Rc1 Re3 40.
Rxc5 Rxa3 41. d6 Rd3 42. Rc6 a5 43. Ra6 Kf7 44. Kf2 Rxh3 45. Rxa5 Rd3 46. Ra7+
Ke6 47. Re7+ Kxd6 48. Rxg7 Ke5 49. Rg6 h5 50. gxh5 Rh3 51. Rh6 Kf5 52. Kg2 Rh4
53. Kg3 Rg4+ 54. Kf3 Rb4 55. Rh8 Rb3+ 56. Kg2 Kg4 57. h6 Rb2+ 58. Kg1 Kh5 59.
Rf8 1/2-1/2

[Event "Kieler Open 2015 Gruppe B"]
[Site "Kiel"]
[Date "2015.07.26"]
[Round "3.10"]
[White "Haye, Robert"]
[Black "Degenhardt, Andreas"]
[Result "1-0"]
[WhiteElo "1449"]
[BlackElo "1762"]
[PlyCount "79"]
[EventDate "2015.??.??"]
[WhiteTeam "Kieler SG"]
[BlackTeam "SC Lorsch"]

1. c4 c5 2. d3 Nc6 3. Nf3 Nf6 4. Nc3 d6 5. e3 e5 6. Be2 Be6 7. a3 a6 8. Rb1 Qc7
9. O-O Rb8 10. b4 cxb4 11. axb4 d5 12. cxd5 Nxd5 13. Nxd5 Bxd5 14. b5 Nb4 15.
bxa6 Nxa6 16. Bb2 Bd6 17. Rc1 Qe7 18. d4 Bxf3 19. Bxf3 O-O 20. e4 Rfd8 21. d5
Bc5 22. Kh1 Rd6 23. g3 b5 24. Bg2 Qd7 25. Bxe5 f6 26. Bxd6 Qxd6 27. f4 b4 28.
Qe2 b3 29. e5 fxe5 30. fxe5 Qb6 31. e6 Qd6 32. Rxc5 Nxc5 33. e7 Re8 34. Rf8+
Rxf8 35. exf8=Q+ Kxf8 36. Qb2 Qb6 37. Bf1 Qd6 38. Bc4 Qb6 39. Qf2+ Kg8 40. d6+
1-0